Cass and the Stone Butch /

Gardado en:
Detalles Bibliográficos
Autor Principal: Azolakov, Antoinette 1944-
Formato: Libro
Idioma:inglés
Publicado: Austin, Tex. : Banned Books, c1987.
Edición:1st ed.
Tags: Engadir etiqueta
Sen Etiquetas, Sexa o primeiro en etiquetar este rexistro!

MARC

LEADER 00000pam a2200000 a 4500
001 4313986
003 loc
005 20250918113949.0
008 870828s1987 txu 000 1 eng
010 |a  87024103  
020 |a 0934411069 
020 |a 9780934411066 
040 |c DLC 
082 0 0 |a 813.54 
100 1 |a Azolakov, Antoinette  |d 1944- 
245 1 0 |a Cass and the Stone Butch /  |c Antoinette Azolakov. 
250 |a 1st ed. 
260 |a Austin, Tex. :  |b Banned Books,  |c c1987. 
300 |a iii, 162 p. ;  |c 22 cm. 
942 |2 ddc  |c BK 
952 |0 0  |1 0  |2 ddc  |4 0  |6 B_LNR02AZOANCAS11  |7 0  |9 5743  |a MI  |b MI  |d 2006-01-26  |i 5059  |l 0  |o B-LNR02-AZOAN-CAS11  |p CDOM5059  |r 2025-07-13 16:28:00  |w 2025-07-13  |x ACQUISTO  |y BK 
999 |c 4586  |d 4586